Metropolitan America : urban life and urban policy in the United States 1940-1980
Saved in:
| Main Author: | |
|---|---|
| Format: | Book |
| Language: | English |
| Published: |
London :
Macmillan,
1985
|
| Series: | Contemporary United States
|
| Subjects: | |
| Tags: |
Add Tag
No Tags, Be the first to tag this record!
|
MARC
| LEADER | 00000nam a2200000 i 4500 | ||
|---|---|---|---|
| 001 | 1/64450 | ||
| 008 | 930930s1985 eng d | ||
| 020 | |a 0-333-33316-0 | ||
| 035 | |a ΛΕΣΒΟΣb10001388 |l 10001388 | ||
| 040 | |a GR-MY-UA |b gre |e aacr | ||
| 041 | 0 | |a eng | |
| 082 | 0 | |a 302.76409730904 | |
| 100 | 1 | |a Fox, Kenneth. | |
| 245 | 1 | 0 | |a Metropolitan America : |b urban life and urban policy in the United States 1940-1980 / |c Kenneth Fox |
| 260 | |a London : |b Macmillan, |c 1985 | ||
| 300 | |a 274 p. | ||
| 490 | 1 | |a Contemporary United States | |
| 504 | |a Includes index | ||
| 650 | 0 | 0 | |a Urban policy |z United States |x History |y 20th century. |
| 650 | 0 | 0 | |a Metropolitan areas |z United States |x History |y 20th century. |
| 650 | 0 | 0 | |a Cities and towns |z United States |x History |y 20th century. |
| 651 | 0 | |a United States |x Race relations. | |
| 830 | 0 | |a Contemporary United States | |
| 852 | |a INST |b LESVOS |e 19930930 |h 307.76409730904 FOX |p 005100004596 |q 005100004596 |t BK |y 0 | ||
| 909 | |a Λ |b 005685 | ||